000 00572nam a2200181Ia 4500
008 090123s9999 xx 000 0 und d
082 _b3448
100 _aखांबेटे द.पा.
245 _aरुप सुंदर स्त्री हेर
250 _a1
260 _c1973
300 _a207
600 _aखांबेटे द.पा.
630 _aरुप सुंदर स्त्री हेर
700 _aखांबेटे द.पा.
730 _aरुप सुंदर स्त्री हेर
942 _cBOOK
999 _c41528
_d41528